[Event "Daventry 4NCL op-B 30th"]
[Site "Daventry"]
[Date "2023.06.18"]
[Round "5"]
[White "Towers, Nigel S"]
[Black "Potter, Steven"]
[Result "0-1"]
[WhiteElo "1818"]
[BlackElo "1902"]
[PlyCount "100"]
[EventDate "2023.06.16"]
[EventType "swiss"]
[EventRounds "5"]
[EventCountry "ENG"]
[SourceTitle "CBM 215 Extra"]
[Source "ChessBase"]
[SourceDate "2023.09.30"]
[SourceVersion "1"]
[SourceVersionDate "2023.09.30"]
[SourceQuality "1"]

1. e4 e6 2. d4 b6 3. Nf3 Bb7 4. Bd3 c5 5. c3 Nf6 6. Qe2 Be7 7. 0-0 Nc6 8. Nbd2 cxd4 9. cxd4 Nb4 10. Bb1 Ba6 11. Qd1 Bxf1 12. Kxf1 Qc8 13. a3 Qa6+ 14. Kg1 Rc8 15. Nb3 Nc6 16. Bd3 Qa4 17. Bc2 Na5 18. Nc5 Qc6 19. Ba4 b5 20. Bb3 Bxc5 21. dxc5 Nxb3 22. Qxb3 Nxe4 23. Be3 0-0 24. Nd4 Qb7 25. Qxb5 Qxb5 26. Nxb5 a6 27. Nd6 Nxd6 28. cxd6 Rc6 29. b4 Rc3 30. Kf1 f5 31. Ke2 Rfc8 32. Bc5 R3xc5 33. bxc5 Rxc5 34. Rb1 Rd5 35. Rb6 a5 36. Ra6 e5 37. a4 Kf7 38. Ke3 g5 39. g4 f4+ 40. Ke4 Ke6 41. Kf3 Rc5 42. h3 Kd5 43. Ke2 e4 44. Kd2 Kd4 45. Ra7 e3+ 46. fxe3+ fxe3+ 47. Ke2 Rc2+ 48. Kf3 Rf2+ 49. Kg3 Rf7 50. Rb7 e2 0-1

[Event "Leamington Spa 4NCL op-B 28th"]
[Site "Leamington Spa"]
[Date "2022.07.10"]
[Round "5"]
[White "Freund, Michael P"]
[Black "Towers, Nigel S"]
[Result "0-1"]
[WhiteElo "1759"]
[BlackElo "1864"]
[PlyCount "118"]
[EventDate "2022.07.08"]
[EventType "swiss"]
[EventRounds "5"]
[EventCountry "ENG"]
[SourceTitle "CBM 209 Extra"]
[Source "ChessBase"]
[SourceDate "2022.09.30"]
[SourceVersion "1"]
[SourceVersionDate "2022.09.30"]
[SourceQuality "1"]

1. e4 c6 2. d3 d5 3. Nd2 e5 4. Ngf3 Bd6 5. Be2 Nf6 6. 0-0 0-0 7. Re1 Re8 8. c3 Nbd7 9. Qc2 Nf8 10. Nf1 Ng6 11. h3 Bc7 12. Ng3 Nf4 13. Bf1 N6h5 14. Nxh5 Nxh5 15. g3 dxe4 16. dxe4 Bb6 17. Be3 Qf6 18. Qe2 Bxe3 19. Qxe3 Bd7 20. Kh2 Rad8 21. Be2 Qe6 22. Ng5 Qg6 23. Bg4 Nf6 24. Bxd7 Rxd7 25. Nf3 b6 26. Qg5 Qxg5 27. Nxg5 Rd2 28. Kg2 Red8 29. Rab1 Kf8 30. Nf3 R2d6 31. Re2 Nd7 32. Ne1 Nc5 33. f3 f6 34. Kf2 Nd3+ 35. Nxd3 Rxd3 36. Rc1 Ke7 37. Rcc2 c5 38. Re3 Rxe3 39. Kxe3 Rd1 40. h4 h5 41. Rd2 Rh1 42. Rg2 g5 43. hxg5 fxg5 44. f4 gxf4+ 45. gxf4 Rh3+ 46. Kf2 exf4 47. Rg5 Ke6 48. Rf5 f3 49. Rg5 h4 50. Rh5 Kf6 51. b4 cxb4 52. cxb4 Kg6 53. Rh8 Kg5 54. Rf8 Kg4 55. e5 Rh2+ 56. Kg1 Re2 57. Rg8+ Kf4 58. Rh8 Rxe5 59. Rxh4+ Kg3 0-1

[Event "Leamington Spa 4NCL op-B 28th"]
[Site "Leamington Spa"]
[Date "2022.07.10"]
[Round "4"]
[White "Towers, Nigel S"]
[Black "Dooley, Max"]
[Result "0-1"]
[WhiteElo "1864"]
[BlackElo "1728"]
[PlyCount "67"]
[EventDate "2022.07.08"]
[EventType "swiss"]
[EventRounds "5"]
[EventCountry "ENG"]
[SourceTitle "CBM 209 Extra"]
[Source "ChessBase"]
[SourceDate "2022.09.30"]
[SourceVersion "1"]
[SourceVersionDate "2022.09.30"]
[SourceQuality "1"]

1. e4 e5 2. Nf3 Nc6 3. Bb5 a6 4. Bxc6 dxc6 5. 0-0 Bg4 6. h3 Bh5 7. g4 Bg6 8. Nxe5 Qh4 9. Qf3 0-0-0 10. d3 Be7 11. Qg2 Bd6 12. Nf3 Qe7 13. Bg5 f6 14. Be3 h5 15. Nh4 Bh7 16. g5 fxg5 17. Bxg5 Nf6 18. Nd2 Rdg8 19. Nc4 Bc5 20. Be3 Bxe3 21. Nxe3 g5 22. Nhf5 Qd8 23. Qh2 Bxf5 24. Nxf5 g4 25. h4 g3 26. fxg3 Rg6 27. Qd2 Nxe4 28. Qg2 Nxg3 29. Nxg3 Qxh4 30. Rf3 Rhg8 31. Kf2 Qd4+ 32. Kf1 h4 33. Qh3+ Kb8 34. Ne2 0-1

[Event "Leamington Spa 4NCL op-B 28th"]
[Site "Leamington Spa"]
[Date "2022.07.09"]
[Round "2"]
[White "Towers, Nigel S"]
[Black "Sun, Meng1111"]
[Result "1/2-1/2"]
[WhiteElo "1864"]
[BlackElo "1745"]
[PlyCount "48"]
[EventDate "2022.07.08"]
[EventType "swiss"]
[EventRounds "5"]
[EventCountry "ENG"]
[SourceTitle "CBM 209 Extra"]
[Source "ChessBase"]
[SourceDate "2022.09.30"]
[SourceVersion "1"]
[SourceVersionDate "2022.09.30"]
[SourceQuality "1"]

1. e4 c5 2. Nf3 d6 3. Bb5+ Bd7 4. Bxd7+ Qxd7 5. 0-0 Nc6 6. c3 e6 7. d4 cxd4 8. cxd4 Nf6 9. Nc3 Be7 10. Bg5 0-0 11. e5 Ne8 12. Bxe7 Qxe7 13. Re1 Rd8 14. Qe2 Nc7 15. Rad1 dxe5 16. dxe5 a6 17. a3 Rxd1 18. Rxd1 Rd8 19. Rd2 h6 20. Qd1 Rxd2 21. Qxd2 Qc5 22. Ne4 Qd5 23. Qxd5 exd5 24. Nc5 b5 1/2-1/2

[Event "ECF Charity Marathon UKR"]
[Site "Chess.com INT"]
[Date "2022.04.03"]
[Round "?"]
[White "Arkell, Keith C"]
[Black "Towers, Nigel S"]
[Result "1-0"]
[WhiteElo "2383"]
[BlackElo "1858"]
[PlyCount "121"]
[EventDate "2022.04.02"]
[EventType "swiss (blitz)"]
[EventRounds "74"]
[EventCountry "USA"]
[SourceTitle "CBM 207 Extra"]
[Source "ChessBase"]
[SourceDate "2022.05.31"]
[SourceVersion "1"]
[SourceVersionDate "2022.05.31"]
[SourceQuality "1"]

1. d4 Nf6 2. Nf3 e6 3. c4 Bb4+ 4. Bd2 Qe7 5. g3 Nc6 6. Bg2 Bxd2+ 7. Qxd2 Ne4 8. Qc2 Qb4+ 9. Nc3 Nxc3 10. Qxc3 Qxc3+ 11. bxc3 d6 12. Nd2 Bd7 13. Nb3 Rb8 14. c5 d5 15. e4 Ne7 16. exd5 Nxd5 17. Bxd5 exd5 18. Kd2 0-0 19. Rhe1 Rfe8 20. Re3 Kf8 21. a4 Rxe3 22. fxe3 b6 23. a5 bxc5 24. Nxc5 Be6 25. Nxe6+ fxe6 26. Kc2 Ke7 27. Ra2 Kd6 28. Kd3 c5 29. dxc5+ Kxc5 30. Rf2 Rb7 31. a6 Rc7 32. Rb2 Kc6 33. Kd4 Kd6 34. Rb4 e5+ 35. Kd3 Kc6 36. Rb8 g6 37. e4 Rd7 38. exd5+ Rxd5+ 39. Ke4 Rb5 40. Ra8 Kb6 41. Rh8 Kxa6 42. Rxh7 Rc5 43. Rh6 Rxc3 44. Rxg6+ Kb5 45. Kxe5 a5 46. Rg8 Rc6 47. Rb8+ Kc4 48. g4 a4 49. h4 Ra6 50. h5 a3 51. Rb1 a2 52. Ra1 Ra5+ 53. Kf6 Ra6+ 54. Kg7 Ra7+ 55. Kh6 Ra6+ 56. Kg5 Ra5+ 57. Kf4 Kd5 58. h6 Ke6 59. h7 Ra8 60. Rxa2 Rxa2 61. h8Q 1-0

[Event "ECF Charity Marathon UKR"]
[Site "Chess.com INT"]
[Date "2022.04.03"]
[Round "?"]
[White "Towers, Nigel S"]
[Black "Arkell, Keith C"]
[Result "0-1"]
[WhiteElo "1858"]
[BlackElo "2383"]
[PlyCount "34"]
[EventDate "2022.04.02"]
[EventType "swiss (blitz)"]
[EventRounds "74"]
[EventCountry "USA"]
[SourceTitle "CBM 207 Extra"]
[Source "ChessBase"]
[SourceDate "2022.05.31"]
[SourceVersion "1"]
[SourceVersionDate "2022.05.31"]
[SourceQuality "1"]

1. e4 c6 2. d4 d5 3. exd5 cxd5 4. Bd3 Nf6 5. c3 Nc6 6. Bf4 Bg4 7. Qb3 Qd7 8. Nd2 e6 9. Ngf3 Bd6 10. Bxd6 Qxd6 11. 0-0 0-0 12. Rfe1 Bxf3 13. Nxf3 Qc7 14. Ne5 Nxe5 15. Rxe5 g6 16. Rae1 Ng4 17. R5e2 Qxh2+ 0-1

[Event "ECF Charity Marathon UKR"]
[Site "Chess.com INT"]
[Date "2022.04.03"]
[Round "?"]
[White "Towers, Nigel S"]
[Black "Vlassov, Nikolai"]
[Result "0-1"]
[WhiteElo "1858"]
[BlackElo "2294"]
[PlyCount "38"]
[EventDate "2022.04.02"]
[EventType "swiss (blitz)"]
[EventRounds "74"]
[EventCountry "USA"]
[SourceTitle "CBM 207 Extra"]
[Source "ChessBase"]
[SourceDate "2022.05.31"]
[SourceVersion "1"]
[SourceVersionDate "2022.05.31"]
[SourceQuality "1"]

1. e4 Nc6 2. Nf3 d5 3. exd5 Qxd5 4. Nc3 Qa5 5. d4 Bg4 6. d5 0-0-0 7. Bd2 Nb4 8. Be2 Nxd5 9. Nxd5 Qxd5 10. Be3 Qa5+ 11. Bd2 Qh5 12. 0-0 Nf6 13. Qe1 e5 14. Rd1 Bd6 15. Be3 e4 16. h3 exf3 17. Bxf3 Bxf3 18. gxf3 Qxh3 19. f4 Ng4 0-1

[Event "Checkmate Covid Rematch"]
[Site "Chess.com INT"]
[Date "2021.06.06"]
[Round "?"]
[White "Brett, Andrew"]
[Black "Towers, Nigel S"]
[Result "1-0"]
[WhiteElo "2085"]
[BlackElo "1858"]
[PlyCount "79"]
[EventDate "2021.06.05"]
[EventType "swiss (blitz)"]
[EventRounds "20"]
[EventCountry "ENG"]
[SourceTitle "CBM 202 Extra"]
[Source "ChessBase"]
[SourceDate "2021.07.31"]
[SourceVersion "1"]
[SourceVersionDate "2021.07.31"]
[SourceQuality "1"]

1. c4 e5 2. Nc3 Nf6 3. Nf3 Nc6 4. g3 d5 5. cxd5 Nxd5 6. Bg2 Nb6 7. 0-0 Be7 8. d3 0-0 9. Be3 Be6 10. a3 f6 11. b4 Rb8 12. Nd2 Nd4 13. Re1 Bf7 14. Rc1 c6 15. Nce4 Nd5 16. Nc5 Nxe3 17. fxe3 Nf5 18. Nf1 Qc7 19. e4 Nd4 20. Ne3 g6 21. Nc4 Rbd8 22. e3 Nb5 23. a4 Nd6 24. Nxd6 Bxd6 25. d4 Bxc5 26. Rxc5 Qe7 27. Qd2 Rd6 28. Qc3 Rfd8 29. dxe5 fxe5 30. Rxe5 Qd7 31. Qa1 Rd2 32. Rc5 Be6 33. Bf3 Bg4 34. Bxg4 Qxg4 35. Qc1 Qf3 36. Qc4+ Kg7 37. Qf1 Qxe4 38. Rc4 Qe6 39. Rf4 Qh3 40. Qxh3 1-0

[Event "Checkmate Covid Rematch"]
[Site "Chess.com INT"]
[Date "2021.06.06"]
[Round "?"]
[White "Carolan, James"]
[Black "Towers, Nigel S"]
[Result "0-1"]
[WhiteElo "1339"]
[BlackElo "1858"]
[PlyCount "82"]
[EventDate "2021.06.05"]
[EventType "swiss (blitz)"]
[EventRounds "20"]
[EventCountry "ENG"]
[SourceTitle "CBM 202 Extra"]
[Source "ChessBase"]
[SourceDate "2021.07.31"]
[SourceVersion "1"]
[SourceVersionDate "2021.07.31"]
[SourceQuality "1"]

1. e4 c6 2. d4 d5 3. Nc3 dxe4 4. Nxe4 Bf5 5. Ng3 Bg6 6. h4 h6 7. h5 Bh7 8. Nf3 Nd7 9. Bd3 Bxd3 10. Qxd3 e6 11. Bf4 Qa5+ 12. Bd2 Bb4 13. c3 Be7 14. 0-0 Ngf6 15. a3 Qc7 16. Rfe1 0-0 17. c4 Bd6 18. Ne4 Nxe4 19. Qxe4 Nf6 20. Qh4 Be7 21. Qh3 Rad8 22. Rad1 b5 23. b3 a5 24. Ne5 Bxa3 25. Bf4 Bd6 26. c5 Bxe5 27. Bxe5 Qe7 28. Re3 Ne8 29. Ra1 Ra8 30. Qf3 f6 31. Bg3 Nc7 32. Bd6 Qd7 33. Bxf8 Kxf8 34. Qg4 Qd5 35. Rg3 Qd7 36. Re1 Re8 37. Qg6 Qf7 38. Rf3 Qxg6 39. hxg6 Nd5 40. g3 Ke7 41. Rd3 Ra8 0-1

[Event "Checkmate Covid Rematch"]
[Site "Chess.com INT"]
[Date "2021.06.06"]
[Round "?"]
[White "Towers, Nigel S"]
[Black "Rizvi, Nasir"]
[Result "0-1"]
[WhiteElo "1858"]
[BlackElo "1989"]
[PlyCount "94"]
[EventDate "2021.06.05"]
[EventType "swiss (blitz)"]
[EventRounds "20"]
[EventCountry "ENG"]
[SourceTitle "CBM 202 Extra"]
[Source "ChessBase"]
[SourceDate "2021.07.31"]
[SourceVersion "1"]
[SourceVersionDate "2021.07.31"]
[SourceQuality "1"]

1. e4 c5 2. Nf3 d6 3. Bb5+ Bd7 4. Bxd7+ Qxd7 5. 0-0 Nc6 6. c3 Nf6 7. Qe2 g6 8. Rd1 Bg7 9. d4 cxd4 10. cxd4 0-0 11. e5 Ne8 12. Nc3 d5 13. Ng5 e6 14. Be3 Rc8 15. Qg4 f6 16. exf6 Nxf6 17. Qxe6+ Qxe6 18. Nxe6 Rfe8 19. Nxg7 Kxg7 20. Bg5 Ne4 21. Nxe4 Rxe4 22. Be3 Kf6 23. Rac1 g5 24. b4 h5 25. b5 Ne7 26. Rxc8 Nxc8 27. Rc1 Nd6 28. Rc7 Nxb5 29. Rxb7 Nxd4 30. Bxd4+ Rxd4 31. g3 Ra4 32. Rb2 d4 33. Rd2 Ke5 34. Kg2 Ke4 35. Rb2 d3 36. Kf1 Kf3 37. Rb3 Ke4 38. Rb2 h4 39. Kg2 Rd4 40. Rd2 Ra4 41. h3 a5 42. g4 Rc4 43. Kf1 Rc1+ 44. Kg2 Rc2 45. Rd1 d2 46. Kf1 Kd3 47. f4 Rc1 0-1

[Event "Checkmate Covid Rematch"]
[Site "Chess.com INT"]
[Date "2021.06.06"]
[Round "?"]
[White "Towers, Nigel S"]
[Black "Shepley, Julien M"]
[Result "0-1"]
[WhiteElo "1858"]
[BlackElo "1913"]
[PlyCount "44"]
[EventDate "2021.06.05"]
[EventType "swiss (blitz)"]
[EventRounds "20"]
[EventCountry "ENG"]
[SourceTitle "CBM 202 Extra"]
[Source "ChessBase"]
[SourceDate "2021.07.31"]
[SourceVersion "1"]
[SourceVersionDate "2021.07.31"]
[SourceQuality "1"]

1. e4 d5 2. exd5 Qxd5 3. Nc3 Qd6 4. d4 Nf6 5. Nf3 c6 6. Bd3 Bg4 7. Be3 e6 8. h3 Bh5 9. g4 Bg6 10. Qe2 Nbd7 11. 0-0-0 0-0-0 12. Ne4 Nxe4 13. Ne5 Nxe5 14. dxe5 Qxe5 15. Bxa7 Bd6 16. Kb1 Rhe8 17. Rhf1 Bc7 18. f4 Qa5 19. Bg1 Ng3 20. Qf2 Nxf1 21. Qxf1 Bxd3 22. Rxd3 Rxd3 0-1

[Event "Checkmate Covid Rematch"]
[Site "Chess.com INT"]
[Date "2021.06.05"]
[Round "?"]
[White "Shepley, Julien M"]
[Black "Towers, Nigel S"]
[Result "1-0"]
[WhiteElo "1913"]
[BlackElo "1858"]
[PlyCount "125"]
[EventDate "2021.06.05"]
[EventType "swiss (blitz)"]
[EventRounds "20"]
[EventCountry "ENG"]
[SourceTitle "CBM 202 Extra"]
[Source "ChessBase"]
[SourceDate "2021.07.31"]
[SourceVersion "1"]
[SourceVersionDate "2021.07.31"]
[SourceQuality "1"]

1. e4 c6 2. d4 d5 3. Nd2 dxe4 4. Nxe4 Bf5 5. Ng3 Bg6 6. h4 h6 7. Nf3 Nd7 8. h5 Bh7 9. Bd3 Bxd3 10. Qxd3 e6 11. Bd2 Ngf6 12. 0-0-0 Be7 13. c4 0-0 14. Bc3 b5 15. b3 Rb8 16. Rd2 bxc4 17. bxc4 Qb6 18. Kd1 Qb1+ 19. Qxb1 Rxb1+ 20. Kc2 Rxh1 21. Nxh1 Ne4 22. Re2 Nxc3 23. Kxc3 Rb8 24. Ng3 a5 25. Ne4 Bb4+ 26. Kc2 Nb6 27. Ned2 Rd8 28. c5 Nd5 29. Nc4 Nf4 30. Re4 Nxg2 31. a3 Rd5 32. axb4 axb4 33. Kb3 Rxh5 34. Kxb4 Rh1 35. Nfe5 Rb1+ 36. Kc3 h5 37. Nxc6 h4 38. Ne3 h3 39. Nxg2 hxg2 40. Rg4 g1Q 41. Rxg1 Rxg1 42. Ne5 Rf1 43. c6 f6 44. Nd3 Ra1 45. Kc4 Ra8 46. Kc5 g5 47. Kd6 Kf7 48. Kd7 Ra7+ 49. c7 f5 50. Kd6 Ra6+ 51. Kd7 Ra7 52. Ne5+ Kf6 53. Kd6 Rxc7 54. Kxc7 f4 55. Kd6 Kf5 56. f3 Kf6 57. Kd7 Kf5 58. Ke7 g4 59. Nxg4 e5 60. dxe5 Kg5 61. e6 Kg6 62. Kd7 Kg7 63. e7 1-0

[Event "Checkmate Covid Rematch"]
[Site "Chess.com INT"]
[Date "2021.06.05"]
[Round "?"]
[White "Towers, Nigel S"]
[Black "Badacsonyi, Frankie"]
[Result "0-1"]
[WhiteElo "1858"]
[BlackElo "1511"]
[PlyCount "52"]
[EventDate "2021.06.05"]
[EventType "swiss (blitz)"]
[EventRounds "20"]
[EventCountry "ENG"]
[SourceTitle "CBM 202 Extra"]
[Source "ChessBase"]
[SourceDate "2021.07.31"]
[SourceVersion "1"]
[SourceVersionDate "2021.07.31"]
[SourceQuality "1"]

1. e4 e6 2. d4 d5 3. Nd2 Nc6 4. Ngf3 Nf6 5. e5 Nd7 6. Bd3 f6 7. exf6 Qxf6 8. c3 Bd6 9. Nf1 h6 10. Ng3 0-0 11. Bc2 e5 12. dxe5 Ndxe5 13. Qxd5+ Be6 14. Qe4 Nxf3+ 15. Qxf3 Qxf3 16. gxf3 Rxf3 17. Be4 Rff8 18. Be3 Rae8 19. 0-0-0 Bxa2 20. Kc2 Bxg3 21. Bxc6 bxc6 22. hxg3 Bd5 23. Rhg1 a6 24. g4 Rb8 25. Rd4 g5 26. Rh1 Bxh1 0-1

[Event "Checkmate Covid Rematch"]
[Site "Chess.com INT"]
[Date "2021.06.05"]
[Round "?"]
[White "Towers, Nigel S"]
[Black "Cox, Tristan"]
[Result "0-1"]
[WhiteElo "1858"]
[BlackElo "2141"]
[PlyCount "98"]
[EventDate "2021.06.05"]
[EventType "swiss (blitz)"]
[EventRounds "20"]
[EventCountry "ENG"]
[SourceTitle "CBM 202 Extra"]
[Source "ChessBase"]
[SourceDate "2021.07.31"]
[SourceVersion "1"]
[SourceVersionDate "2021.07.31"]
[SourceQuality "1"]

1. e4 d6 2. d4 Nf6 3. Nc3 Nbd7 4. f4 e5 5. fxe5 dxe5 6. Nf3 exd4 7. Nxd4 Bc5 8. Be3 0-0 9. Qd2 Re8 10. 0-0-0 Qe7 11. Nf5 Qe5 12. Bf4 Qe6 13. Bxc7 Nxe4 14. Nxe4 Qxe4 15. Qd3 Qa4 16. Qc4 Qc6 17. Qg4 g6 18. Nh6+ Kg7 19. Nf5+ Kh8 20. Nh6 Qxc7 21. Nxf7+ Kg7 22. Ng5 Be3+ 23. Kb1 Bxg5 24. Qxg5 Qe5 25. Qd2 Nf6 26. Bd3 Bf5 27. Rhe1 Qc5 28. Rxe8 Rxe8 29. Bxf5 Qxf5 30. Qd6 Qe6 31. Qc7+ Qe7 32. Qc3 Kg8 33. Qb3+ Kh8 34. Qc3 Kg8 35. Qb3+ Qf7 36. Qc3 Ne4 37. Qd4 Qe6 38. Qxa7 Qe7 39. Qd4 Nc5 40. Qd5+ Ne6 41. Re1 Qf7 42. Rd1 Nf4 43. Qd2 Re2 44. Qd4 Rxg2 45. Qd8+ Kg7 46. Qd4+ Kh6 47. h4 Rg4 48. Qd2 Rxh4 49. Rf1 g5 0-1

[Event "Checkmate Covid Rematch"]
[Site "Chess.com INT"]
[Date "2021.06.05"]
[Round "?"]
[White "Towers, Nigel S"]
[Black "Rendle, Thomas E"]
[Result "0-1"]
[WhiteElo "1858"]
[BlackElo "2365"]
[PlyCount "70"]
[EventDate "2021.06.05"]
[EventType "swiss (blitz)"]
[EventRounds "20"]
[EventCountry "ENG"]
[SourceTitle "CBM 202 Extra"]
[Source "ChessBase"]
[SourceDate "2021.07.31"]
[SourceVersion "1"]
[SourceVersionDate "2021.07.31"]
[SourceQuality "1"]

1. e4 e6 2. d4 d5 3. Nd2 a6 4. Ngf3 Nf6 5. e5 Nfd7 6. Bd3 c5 7. c3 Nc6 8. 0-0 g5 9. dxc5 g4 10. Nd4 Ndxe5 11. Nxc6 bxc6 12. Be2 h5 13. Nb3 Bg7 14. Nd4 Qc7 15. Bg5 Ng6 16. f3 g3 17. h3 e5 18. Nc2 Be6 19. Bd3 f5 20. Re1 0-0 21. Ne3 Qf7 22. Qc2 e4 23. fxe4 dxe4 24. Bf1 f4 25. Nd1 f3 26. gxf3 exf3 27. Re3 Bd5 28. Bd3 f2+ 29. Nxf2 Qxf2+ 30. Qxf2 gxf2+ 31. Kf1 Ne5 32. Bc2 Nf3 33. Bb3 Nxg5 34. Rg3 Ne4 35. Rxg7+ Kxg7 0-1

[Event "Checkmate Covid Rematch"]
[Site "Chess.com INT"]
[Date "2021.06.05"]
[Round "?"]
[White "Zabrocki, Philip"]
[Black "Towers, Nigel S"]
[Result "0-1"]
[WhiteElo "1948"]
[BlackElo "1858"]
[PlyCount "54"]
[EventDate "2021.06.05"]
[EventType "swiss (blitz)"]
[EventRounds "20"]
[EventCountry "ENG"]
[SourceTitle "CBM 202 Extra"]
[Source "ChessBase"]
[SourceDate "2021.07.31"]
[SourceVersion "1"]
[SourceVersionDate "2021.07.31"]
[SourceQuality "1"]

1. e4 c6 2. d4 d5 3. e5 Na6 4. c4 Be6 5. c5 Bf5 6. Bd3 Bxd3 7. Qxd3 e6 8. Nf3 Ne7 9. a3 Nc7 10. 0-0 Nf5 11. Nc3 b6 12. b4 Be7 13. Nd1 bxc5 14. bxc5 a5 15. Ne3 Nxe3 16. Bxe3 a4 17. Rab1 Nb5 18. Rxb5 cxb5 19. Qxb5+ Kf8 20. Rb1 g6 21. c6 Kg7 22. Qb7 Rb8 23. Qxb8 Qxb8 24. Rxb8 Rxb8 25. Nd2 Rc8 26. f4 Rxc6 27. Kf2 Bxa3 0-1